Central Library OPAC University of Rajshahi

Command / (Record no. 77089)

MARC details
000 -LEADER
fixed length control field 00744nam a2200289 a 4500
001 - CONTROL NUMBER
control field 77089
003 - CONTROL NUMBER IDENTIFIER
rucl marc code BD-RjUL
005 - DATE AND TIME OF LATEST TRANSACTION
control field 20211209082926.0
008 - FIXED-LENGTH DATA ELEMENTS--GENERAL INFORMATION
fixed length control field 870603r19871985enk d 000 1 eng u
020 ## - INTERNATIONAL STANDARD BOOK NUMBER
International Standard Book Number 1850571066 pbk
International Standard Book Number 1850571058
035 ## - SYSTEM CONTROL NUMBER
System control number (BD-RjUL)
040 ## - CATALOGING SOURCE
Original cataloging agency BD-RjUL
Language of cataloging eng
Transcribing agency BD-RjUL
041 ## - LANGUAGE CODE
Language code of text/sound track or separate title eng
082 ## - DEWEY DECIMAL CLASSIFICATION NUMBER
Classification number 823.914
Edition number 19
Classification number 823/.9/1
Edition number 18
092 ## - LOCALLY ASSIGNED DEWEY CALL NUMBER (OCLC)
Classification number D0000007775
100 1# - MAIN ENTRY--PERSONAL NAME
Personal name Mcfee, William
9 (RLIN) 239715
245 10 - TITLE STATEMENT
Title Command /
Statement of responsibility, etc. by William Mcfee
260 ## - PUBLICATION, DISTRIBUTION, ETC. (IMPRINT)
Place of publication, distribution, etc. Newyork :
Name of publisher, distributor, etc. Garden city pub. ,,
Date of publication, distribution, etc. c1922
300 ## - PHYSICAL DESCRIPTION
Pagination 337 p. ;
Size 18 cm
650 ## - SUBJECT ADDED ENTRY--TOPICAL TERM
Topical term or geographic name as entry element Fiction
9 (RLIN) 239716
942 ## - ADDED ENTRY ELEMENTS (KOHA)
Source of classification or shelving scheme Dewey Decimal Classification
Koha item type Books
Holdings
Lost status Source of classification or shelving scheme Damaged status Not for loan Collection code Permanent Location Current Location Shelving location Date acquired Total Checkouts Full call number Date last seen Copy number Koha item type
  Dewey Decimal Classification   Not For Loan Fiction Central Library, University of Rajshahi Central Library, University of Rajshahi Reading Room 17/08/1965   823.914 McC 1922 24/02/2020 C-1 Books